书目信息 |
| 题名: |
以学生为中心的教与学
|
|
| 作者: | 于歆杰 主编 | |
| 分册: | ||
| 出版信息: | 北京 高等教育出版社 2017.08 |
|
| 页数: | 305页 | |
| 开本: | 23cm | |
| 丛书名: | ||
| 单 册: | ||
| 中图分类: | G642.421 | |
| 科图分类: | ||
| 主题词: | 高等学校--课堂教学--教学研究 | |
| 电子资源: | ||
| ISBN: | 978-7-04-047849-5 | |
| 000 | 01138nam0 2200277 450 | |
| 001 | 009227342 | |
| 005 | 20181030170012.60 | |
| 010 | @a978-7-04-047849-5@dCNY66.00 | |
| 100 | @a20170922d2017 em y0chiy50 ea | |
| 101 | 0 | @achi |
| 102 | @aCN@b110000 | |
| 105 | @aa z 000yy | |
| 106 | @ar | |
| 200 | 1 | @a以学生为中心的教与学@9yi xue sheng wei zhong xin de jiao yu xue@e利用慕课资源实施翻转课堂的实践@dMOOC flipped classroom@f于歆杰主编@zeng |
| 205 | @a2版 | |
| 210 | @a北京@c高等教育出版社@d2017.08 | |
| 215 | @a305页@c图@d23cm | |
| 330 | @a本书针对我国高等教育的发展现状,以电路原理课程为例,提出一整套适合各类大学解决自身教育教学困境的解决方案,即以慕课资源为教学内容,SPOC平台为教学环境,翻转课堂和基于项目的学习为教学方法,构成以学生为中心的教与学模式。 | |
| 333 | @a教育研究者 | |
| 510 | 1 | @aMOOC flipped classroom@zeng |
| 517 | 1 | @a利用慕课资源实施翻转课堂的实践@9li yong mu ke zi yuan shi shi fan zhuan ke tang de shi jian |
| 606 | 0 | @a高等学校@x课堂教学@x教学研究 |
| 690 | @aG642.421@v5 | |
| 701 | 0 | @a于歆杰@9yu xin jie@f(1973-)@4主编 |
| 801 | 0 | @aCN@bNLC@c20171127 |
| 905 | @b1097400-04@dG642.421@e1085=2@f5 | |
| 以学生为中心的教与学:利用慕课资源实施翻转课堂的实践=MOOC flipped classroom/于歆杰主编.-2版.-北京:高等教育出版社,2017.08 |
| 305页:图;23cm |
| 使用对象:教育研究者 |
| ISBN 978-7-04-047849-5:CNY66.00 |
| 本书针对我国高等教育的发展现状,以电路原理课程为例,提出一整套适合各类大学解决自身教育教学困境的解决方案,即以慕课资源为教学内容,SPOC平台为教学环境,翻转课堂和基于项目的学习为教学方法,构成以学生为中心的教与学模式。 |
| ● |
| 相关链接 |
|
|
|
|
正题名:以学生为中心的教与学
索取号:G642.421/1085=2
 
预约/预借
| 序号 | 登录号 | 条形码 | 馆藏地/架位号 | 状态 | 备注 |
| 1 | 1097400 | 210974007 | 第一样本阅览室/ [索取号:G642.421/1085=2] | 在馆 | |
| 2 | 1097401 | 210974016 | 教育系资料室/ [索取号:G642.421/1085=2] | 在馆 | |
| 3 | 1097402 | 210974025 | 教育系资料室/ [索取号:G642.421/1085=2] | 在馆 | |
| 4 | 1097403 | 210974034 | 第四借阅区/ [索取号:G642.421/1085=2] | 在馆 | |
| 5 | 1097404 | 210974043 | 第四借阅区/ [索取号:G642.421/1085=2] | 在馆 |